[Event "17PCR_ZK02"]
[Site "?"]
[Date "2007.??.??"]
[Round "?"]
[White "Vins, Karel"]
[Black "Lucan, Zdenko"]
[Result "1/2-1/2"]
[WhiteElo "1732"]
[BlackElo "1751"]
[PlyCount "55"]
[EventDate "2007.??.??"]
[EventType "corr"]
[SourceDate "2007.06.28"]

1. d4 Nf6 2. c4 g6 3. Nc3 c6 4. e4 d6 5. f3 Bg7 6. Be3 Bd7 7. Qc2 O-O 8. Bd3 e5
9. d5 c5 10. Nge2 Nh5 11. Ng3 Nf4 12. Nf1 Nxd3+ 13. Qxd3 Bf6 14. g3 Bg5 15. a4
b6 16. Qd2 Bxe3 17. Qxe3 Na6 18. Nd2 Nb4 19. O-O-O a5 20. b3 Qc7 21. Kb2 f5 22.
h3 f4 23. gxf4 exf4 24. Qe2 Rae8 25. Na2 Nxa2 26. Kxa2 Re5 27. Rdg1 Rh5 28. h4
1/2-1/2

[Event "17PCR_ZK02"]
[Site "?"]
[Date "2007.??.??"]
[Round "?"]
[White "Lucan, Zdenko"]
[Black "Vins, Karel"]
[Result "1/2-1/2"]
[WhiteElo "1751"]
[BlackElo "1732"]
[PlyCount "66"]
[EventDate "2007.??.??"]
[EventType "corr"]
[SourceDate "2007.06.28"]

1. b3 d5 2. Bb2 f6 3. e3 e5 4. g3 c6 5. Bg2 Bd6 6. d3 Nh6 7. h3 Nf7 8. Ne2 g5
9. Nd2 Nd7 10. c4 dxc4 11. Nxc4 Bc7 12. a4 Nf8 13. O-O Rb8 14. g4 h5 15. Ng3
hxg4 16. hxg4 Rh6 17. e4 Ng6 18. Nf5 Bxf5 19. exf5 Nf4 20. Ne3 Qxd3 21. Qxd3
Nxd3 22. Ba3 Nf4 23. Be4 Nd6 24. Bxd6 Bxd6 25. Rfe1 Rd8 26. Rad1 Rh7 27. Bg2
Ke7 28. Nc4 Bc7 29. Rxd8 Kxd8 30. Rd1+ Rd7 31. Rxd7+ Kxd7 32. f3 Bb6+ 33. Kf1
Nd3 1/2-1/2

[Event "17PCR_ZK02"]
[Site "?"]
[Date "2007.??.??"]
[Round "?"]
[White "Vins, Karel"]
[Black "Svoboda, Josef"]
[Result "0-1"]
[WhiteElo "1732"]
[BlackElo "1847"]
[PlyCount "60"]
[EventDate "2007.??.??"]
[EventType "corr"]
[SourceDate "2007.06.28"]

1. d4 Nf6 2. c4 g6 3. g3 Bg7 4. Bg2 O-O 5. e4 d6 6. Nc3 c5 7. d5 Na6 8. Nge2
Qb6 9. Rb1 Bd7 10. b3 Qa5 11. Bd2 Nb4 12. Nc1 e6 13. O-O exd5 14. Nxd5 Nfxd5
15. cxd5 f5 16. f3 Bb5 17. Re1 Bd4+ 18. Kh1 Bf2 19. Ra1 Bxe1 20. Bxe1 Qa3 21.
Qd2 Rae8 22. Rb1 fxe4 23. fxe4 Bf1 24. Bxf1 Rxf1+ 25. Kg2 Rff8 26. Qe2 Rf7 27.
Nd3 Nxd3 28. Qxd3 Qxa2+ 29. Kh3 Rfe7 30. Rd1 Rxe4 0-1

[Event "17PCR_ZK02"]
[Site "?"]
[Date "2007.??.??"]
[Round "1"]
[White "Svoboda, Josef"]
[Black "Vins, Karel"]
[Result "1-0"]
[WhiteElo "1847"]
[BlackElo "1732"]
[PlyCount "69"]
[EventDate "2007.??.??"]
[EventType "corr"]
[SourceDate "2007.06.28"]

1. e4 c5 2. Nf3 d6 3. d4 cxd4 4. Nxd4 Nf6 5. Nc3 a6 6. Bg5 h6 7. Be3 e5 8. Nb3
Be6 9. Be2 Nc6 10. O-O Be7 11. Nd5 Bxd5 12. exd5 Na7 13. c4 Nc8 14. f4 b6 15.
fxe5 dxe5 16. Qe1 Bd6 17. Qg3 Kf8 18. Qh4 Be7 19. Rad1 Nd6 20. Qf2 Nfe4 21. Qf3
f6 22. Bd3 Ng5 23. Qf2 Nge4 24. Qc2 Ng5 25. c5 bxc5 26. Nxc5 Qc8 27. Qa4 Nb5
28. Rc1 Bxc5 29. Rxc5 Qe8 30. Rc6 Nf7 31. Rxa6 Rxa6 32. Qxa6 Nbd6 33. Bc5 Qd8
34. Bf5 Kg8 35. Be6 1-0

[Event "17PCR_ZK02"]
[Site "?"]
[Date "2007.??.??"]
[Round "?"]
[White "Lucan, Zdenko"]
[Black "Svoboda, Josef"]
[Result "0-1"]
[WhiteElo "1751"]
[BlackElo "1847"]
[PlyCount "36"]
[EventDate "2007.??.??"]
[EventType "corr"]
[SourceDate "2007.06.28"]

1. b3 Nf6 2. Bb2 g6 3. Bxf6 exf6 4. e4 d5 5. exd5 Qxd5 6. Nc3 Qe6+ 7. Qe2 Bd6
8. Qxe6+ fxe6 9. Ne4 O-O 10. Nxd6 cxd6 11. Nf3 e5 12. Nd4 exd4 13. Bc4+ Kh8 14.
O-O Nc6 15. a3 Bf5 16. d3 Rac8 17. Bd5 Ne7 18. b4 Nxd5 0-1

[Event "17PCR_ZK02"]
[Site "?"]
[Date "2007.??.??"]
[Round "?"]
[White "Svoboda, Josef"]
[Black "Lucan, Zdenko"]
[Result "1-0"]
[WhiteElo "1847"]
[BlackElo "1751"]
[PlyCount "51"]
[EventDate "2007.??.??"]
[EventType "corr"]
[SourceDate "2007.06.28"]

1. e4 e5 2. Nf3 d6 3. d4 Bg4 4. dxe5 Bxf3 5. Qxf3 dxe5 6. Bc4 Qf6 7. Qb3 b6 8.
O-O Bc5 9. Nc3 Ne7 10. Nb5 Na6 11. Qa4 c6 12. Qxa6 cxb5 13. Bxb5+ Nc6 14. Qb7
O-O 15. Qxc6 Qxc6 16. Bxc6 Rac8 17. Bd5 Rc7 18. Bd2 Bd6 19. c4 h6 20. Rad1 g5
21. h4 gxh4 22. Bxh6 Rd8 23. Bg5 Be7 24. Bxe7 Rxe7 25. Bxf7+ Kxf7 26. Rxd8 1-0

[Event "17PCR_ZK02"]
[Site "?"]
[Date "2007.??.??"]
[Round "?"]
[White "Vins, Karel"]
[Black "Goc, Pavel"]
[Result "0-1"]
[WhiteElo "1732"]
[BlackElo "2145"]
[PlyCount "76"]
[EventDate "2007.??.??"]
[EventType "corr"]
[SourceDate "2007.06.28"]

1. d4 Nf6 2. c4 e6 3. Nc3 Bb4 4. Qc2 c5 5. e3 Nc6 6. dxc5 O-O 7. a3 Bxc5 8. b4
Be7 9. Bb2 b6 10. Nf3 Bb7 11. Be2 Rc8 12. Qb3 a5 13. b5 Nb8 14. O-O Qc7 15. Na4
Ng4 16. g3 d6 17. Rac1 Nd7 18. Nd2 Ngf6 19. f3 Nc5 20. Nxc5 dxc5 21. e4 Nd7 22.
Qc2 Bf6 23. Bxf6 Nxf6 24. Qc3 e5 25. Qe3 Rcd8 26. a4 Rd6 27. Rfd1 Rfd8 28. Nb3
Ne8 29. Rxd6 Nxd6 30. Kf2 f5 31. exf5 Nxf5 32. Qc3 Rf8 33. Kg1 Nd4 34. Nxd4
exd4 35. Qd3 Re8 36. Rf1 Re3 37. Qd1 Qe5 38. Rf2 d3 0-1

[Event "17PCR_ZK02"]
[Site "?"]
[Date "2007.??.??"]
[Round "?"]
[White "Goc, Pavel"]
[Black "Vins, Karel"]
[Result "1-0"]
[WhiteElo "2145"]
[BlackElo "1732"]
[PlyCount "69"]
[EventDate "2007.??.??"]
[EventType "corr"]
[SourceDate "2007.06.28"]

1. e4 e5 2. Nf3 Nc6 3. d4 exd4 4. c3 d5 5. exd5 Qxd5 6. cxd4 Bb4+ 7. Nc3 Bxc3+
8. bxc3 Nge7 9. Be2 O-O 10. O-O Be6 11. c4 Qd7 12. d5 Nxd5 13. cxd5 Qxd5 14.
Bf4 Rac8 15. Qb1 Qf5 16. Qxb7 Qxf4 17. Qxc6 Qd6 18. Qa6 Qxa6 19. Bxa6 Rb8 20.
Nd4 Rb6 21. Nxe6 Rxe6 22. Bc4 Rc6 23. Rac1 Rf6 24. Rfe1 Rc8 25. Bd5 g6 26. Re7
c5 27. Rxa7 Rb8 28. Kf1 Rc8 29. Ra5 c4 30. Rxc4 Rxc4 31. Bxc4 Rc6 32. Bb3 Kg7
33. Ra7 Rf6 34. Ke2 Kf8 35. a4 1-0

[Event "17PCR_ZK02"]
[Site "?"]
[Date "2007.??.??"]
[Round "?"]
[White "Lucan, Zdenko"]
[Black "Goc, Pavel"]
[Result "0-1"]
[WhiteElo "1751"]
[BlackElo "2145"]
[PlyCount "40"]
[EventDate "2007.??.??"]
[EventType "corr"]
[SourceDate "2007.06.28"]

1. Nf3 d5 2. g3 c5 3. Bg2 Nc6 4. O-O e5 5. d3 Bg4 6. a3 Qd7 7. c3 Nf6 8. Nbd2
O-O-O 9. h3 Bxh3 10. Bxh3 Qxh3 11. Ng5 Qh5 12. Ngf3 e4 13. dxe4 dxe4 14. Nh2
Bd6 15. e3 Qh3 16. Nc4 Bxg3 17. fxg3 Rxd1 18. Rxd1 Qxg3+ 19. Kh1 Ng4 20. Nxg4
Qf3+ 0-1

[Event "17PCR_ZK02"]
[Site "?"]
[Date "2007.??.??"]
[Round "?"]
[White "Goc, Pavel"]
[Black "Lucan, Zdenko"]
[Result "1-0"]
[WhiteElo "2145"]
[BlackElo "1751"]
[PlyCount "33"]
[EventDate "2007.??.??"]
[EventType "corr"]
[SourceDate "2007.06.28"]

1. e4 e5 2. Nf3 d6 3. d4 exd4 4. Qxd4 Bd7 5. Bf4 Nc6 6. Qd2 Qe7 7. Nc3 Nf6 8.
O-O-O Bg4 9. Nd5 Nxd5 10. exd5 Ne5 11. Bb5+ Kd8 12. Nxe5 Bxd1 13. Re1 dxe5 14.
Rxe5 Qxe5 15. Bxe5 Bg4 16. Qg5+ Be7 17. Qxg4 1-0

[Event "17PCR_ZK02"]
[Site "?"]
[Date "2007.??.??"]
[Round "1"]
[White "Svoboda, Josef"]
[Black "Goc, Pavel"]
[Result "1/2-1/2"]
[WhiteElo "1847"]
[BlackElo "2145"]
[PlyCount "26"]
[EventDate "2007.??.??"]
[EventType "corr"]
[SourceDate "2007.06.28"]

1. e4 e5 2. Nf3 Nc6 3. Bb5 f5 4. Nc3 fxe4 5. Nxe4 d5 6. Nxe5 dxe4 7. Nxc6 Qd5
8. c4 Qd6 9. Nxa7+ Bd7 10. Bxd7+ Qxd7 11. Qh5+ g6 12. Qe5+ Kf7 13. Qxh8 Nf6
1/2-1/2

[Event "17PCR_ZK02"]
[Site "?"]
[Date "2007.??.??"]
[Round "1"]
[White "Goc, Pavel"]
[Black "Svoboda, Josef"]
[Result "1/2-1/2"]
[WhiteElo "2145"]
[BlackElo "1847"]
[PlyCount "23"]
[EventDate "2007.??.??"]
[EventType "corr"]
[SourceDate "2007.06.28"]

1. e4 e5 2. Nf3 Nc6 3. d4 exd4 4. c3 d5 5. exd5 Qxd5 6. cxd4 Bg4 7. Nc3 Bb4 8.
Be2 Bxf3 9. Bxf3 Qc4 10. Qb3 Qxb3 11. axb3 Nge7 12. Be3 1/2-1/2

[Event "17PCR_ZK02"]
[Site "?"]
[Date "2007.??.??"]
[Round "?"]
[White "Vins, Karel"]
[Black "Kudr, Roman"]
[Result "0-1"]
[WhiteElo "1732"]
[BlackElo "2216"]
[PlyCount "48"]
[EventDate "2007.??.??"]
[EventType "corr"]
[SourceDate "2007.06.28"]

1. d4 Nf6 2. c4 g6 3. g3 Bg7 4. Bg2 d5 5. cxd5 Nxd5 6. e3 O-O 7. Ne2 e5 8. Nbc3
Nb6 9. O-O exd4 10. Nxd4 c6 11. Nde2 Qe7 12. e4 Rd8 13. Be3 Rxd1 14. Rfxd1 Nc4
15. Bc1 Na6 16. Rb1 Bg4 17. f3 Be6 18. b3 Na3 19. Rb2 Qc5+ 20. Kh1 Bxc3 21.
Nxc3 Qxc3 22. Rbd2 Nc2 23. Rd3 Qa5 24. Bb2 Nab4 0-1

[Event "17PCR_ZK02"]
[Site "?"]
[Date "2007.??.??"]
[Round "?"]
[White "Kudr, Roman"]
[Black "Vins, Karel"]
[Result "1-0"]
[WhiteElo "2216"]
[BlackElo "1732"]
[PlyCount "49"]
[EventDate "2007.??.??"]
[EventType "corr"]
[SourceDate "2007.06.28"]

1. d4 d5 2. Nf3 Nf6 3. c4 dxc4 4. e3 e6 5. Bxc4 c6 6. O-O Bd6 7. Re1 O-O 8. e4
Bb4 9. Nc3 h6 10. a3 Bxc3 11. bxc3 Re8 12. Bd3 e5 13. Nxe5 Nbd7 14. Nxd7 Bxd7
15. Bd2 Bg4 16. Qb1 b6 17. e5 Nd7 18. Bh7+ Kh8 19. Be4 Rc8 20. Qd3 Nf8 21. f4
Be6 22. f5 Bd5 23. f6 Bxe4 24. Rxe4 Ng6 25. Qh3 1-0

[Event "17PCR_ZK02"]
[Site "?"]
[Date "2007.??.??"]
[Round "1"]
[White "Lucan, Zdenko"]
[Black "Kudr, Roman"]
[Result "0-1"]
[WhiteElo "1751"]
[BlackElo "2216"]
[PlyCount "24"]
[EventDate "2007.??.??"]
[EventType "corr"]
[SourceDate "2007.06.28"]

1. c4 e5 2. Nc3 Nf6 3. Nf3 Nc6 4. g3 d5 5. d3 dxc4 6. dxc4 Qxd1+ 7. Nxd1 e4 8.
Ng1 Nd4 9. Kd2 Bb4+ 10. Nc3 Bg4 11. a3 Nb3+ 12. Kd1 O-O-O+ 0-1

[Event "17PCR_ZK02"]
[Site "?"]
[Date "2007.??.??"]
[Round "1"]
[White "Kudr, Roman"]
[Black "Lucan, Zdenko"]
[Result "1-0"]
[WhiteElo "2216"]
[BlackElo "1751"]
[PlyCount "25"]
[EventDate "2007.??.??"]
[EventType "corr"]
[SourceDate "2007.06.28"]

1. d4 Nf6 2. c4 e6 3. Nf3 b6 4. a3 Bb7 5. Nc3 Bxf3 6. gxf3 Nc6 7. e4 d6 8. Qa4
Qd7 9. c5 Nb8 10. cxb6 c6 11. Nb5 Qb7 12. Nc7+ Kd8 13. Nxa8 1-0

[Event "17PCR_ZK02"]
[Site "?"]
[Date "2007.??.??"]
[Round "?"]
[White "Svoboda, Josef"]
[Black "Kudr, Roman"]
[Result "0-1"]
[WhiteElo "1847"]
[BlackElo "2216"]
[PlyCount "68"]
[EventDate "2007.??.??"]
[EventType "corr"]
[SourceDate "2007.06.28"]

1. e4 e5 2. Nf3 Nc6 3. Bb5 a6 4. Ba4 Nf6 5. O-O Nxe4 6. d4 b5 7. Bb3 d5 8. dxe5
Be6 9. c3 Bc5 10. Nbd2 O-O 11. Bc2 f5 12. Nb3 Bb6 13. Nbd4 Nxd4 14. Nxd4 Qe8
15. f3 Nc5 16. Kh1 a5 17. Nxe6 Qxe6 18. f4 Ne4 19. Qe1 b4 20. cxb4 axb4 21. Be3
c5 22. Rf3 c4 23. Bxb6 Qxb6 24. g3 Qb7 25. Bd1 d4 26. Kg1 d3 27. Qe3 Rad8 28.
Rf1 Kh8 29. a3 bxa3 30. bxa3 c3 31. Bf3 Qc6 32. g4 Qc5 33. Qxc5 Nxc5 34. gxf5
c2 0-1

[Event "17PCR_ZK02"]
[Site "?"]
[Date "2007.??.??"]
[Round "?"]
[White "Kudr, Roman"]
[Black "Svoboda, Josef"]
[Result "1-0"]
[WhiteElo "2216"]
[BlackElo "1847"]
[PlyCount "55"]
[EventDate "2007.??.??"]
[EventType "corr"]
[SourceDate "2007.06.28"]

1. d4 Nf6 2. c4 g6 3. Nc3 Bg7 4. e4 d6 5. Nf3 O-O 6. Be2 c5 7. O-O cxd4 8. Nxd4
Nc6 9. Be3 Bd7 10. Qd2 Nxd4 11. Bxd4 Qa5 12. Rad1 e5 13. Be3 Bc6 14. a3 Rad8
15. f3 a6 16. b4 Qc7 17. a4 b6 18. Rc1 Qb8 19. b5 axb5 20. axb5 Be8 21. Rfd1
Nh5 22. Ra1 Nf4 23. Ra6 Nxe2+ 24. Qxe2 Kh8 25. Rxb6 Qc7 26. Nd5 Qc8 27. Bd2 f5
28. Bb4 1-0

[Event "17PCR_ZK02"]
[Site "?"]
[Date "2007.??.??"]
[Round "2"]
[White "Goc, Pavel"]
[Black "Kudr, Roman"]
[Result "0-1"]
[WhiteElo "2145"]
[BlackElo "2216"]
[PlyCount "112"]
[EventDate "2007.??.??"]
[EventType "corr"]
[SourceDate "2007.06.28"]

1. e4 e5 2. Nf3 Nc6 3. Bb5 a6 4. Ba4 Nf6 5. O-O Nxe4 6. d4 b5 7. Bb3 d5 8. dxe5
Be6 9. c3 Nc5 10. Bc2 Bg4 11. Re1 Be7 12. h3 Bh5 13. b4 Ne6 14. a4 Rb8 15. axb5
axb5 16. Ra6 Qd7 17. Na3 O-O 18. Bd3 Ncd8 19. Qc2 c5 20. Bxh7+ Kh8 21. g4 Bg6
22. Bxg6 fxg6 23. Qe2 cxb4 24. cxb4 Qc8 25. Ra7 Bxb4 26. Nh4 Nc6 27. Nxg6+ Kg8
28. Nc2 Bxe1 29. Qxe1 Re8 30. Ra1 Ncd4 31. Nxd4 Nxd4 32. Qd1 Qc4 33. Bb2 Ne2+
34. Kh2 Rb6 35. Nh4 Rh6 36. Nf5 Qf4+ 37. Kg2 Rxh3 38. Kxh3 Qxf2 39. Nh6+ Kh7
40. Qc2+ g6 41. Ra7+ Qxa7 42. Qxe2 Kxh6 43. e6 d4 44. Qe4 Kh7 45. Qd5 Qe7 46.
Qxd4 Rd8 47. Qe3 Rd6 48. Qc3 Qf8 49. Qe3 Qh6+ 50. Qxh6+ Kxh6 51. e7 Re6 52. Ba3
Kg5 53. Kg3 Kf6 54. Kf3 Rxe7 55. Bxe7+ Kxe7 56. Ke4 Kf6 0-1

[Event "17PCR_ZK02"]
[Site "?"]
[Date "2007.??.??"]
[Round "?"]
[White "Kudr, Roman"]
[Black "Goc, Pavel"]
[Result "1-0"]
[WhiteElo "2216"]
[BlackElo "2145"]
[PlyCount "79"]
[EventDate "2007.??.??"]
[EventType "corr"]
[SourceDate "2007.06.28"]

1. d4 Nf6 2. c4 e6 3. Nf3 d5 4. Nc3 c6 5. e3 Nbd7 6. Bd3 dxc4 7. Bxc4 b5 8. Bd3
a6 9. e4 c5 10. d5 c4 11. dxe6 fxe6 12. Bc2 Qc7 13. O-O Bb7 14. Qe2 O-O-O 15.
e5 Ng4 16. Bg5 Re8 17. Bf4 Bb4 18. Ng5 Ngf6 19. Bg3 Qc6 20. f4 Nd5 21. Nxd5
exd5 22. Bf2 Rhf8 23. Qg4 h6 24. Nf3 g5 25. fxg5 hxg5 26. Nd4 Qh6 27. Bf5 Re7
28. a4 Rh8 29. h3 bxa4 30. Rxa4 a5 31. Bxd7+ Rxd7 32. e6 Re7 33. Nf5 Qh7 34.
Rxb4 axb4 35. Nd6+ Kb8 36. Qd4 Rxe6 37. Qa7+ Kc7 38. Nxb7 Kc8 39. Qa8+ Kc7 40.
Nd8 1-0

[Event "17PCR_ZK02"]
[Site "?"]
[Date "2007.??.??"]
[Round "?"]
[White "Vins, Karel"]
[Black "Trs, Jan"]
[Result "0-1"]
[WhiteElo "1732"]
[BlackElo "2255"]
[PlyCount "62"]
[EventDate "2007.??.??"]
[EventType "corr"]
[SourceDate "2007.06.28"]

1. d4 Nf6 2. c4 g6 3. g3 d5 4. b3 dxc4 5. bxc4 c5 6. d5 Bg7 7. Bb2 O-O 8. Bg2
e6 9. e4 exd5 10. exd5 Re8+ 11. Ne2 Bg4 12. f3 Bf5 13. Nd2 Bd3 14. Bf1 Nxd5 15.
Bxg7 Ne3 16. Qc1 Kxg7 17. Qc3+ Kg8 18. Kf2 Nxf1 19. Rhxf1 Rxe2+ 20. Kg1 Qd4+
21. Qxd4 cxd4 22. Nb3 Re3 23. Rf2 Nc6 24. Nc5 Bxc4 25. Nxb7 Ne5 26. Nd6 Bd5 27.
f4 Nf3+ 28. Kf1 Rd8 29. Nb5 Bc4+ 30. Kg2 Bxb5 31. Rxf3 Bc6 0-1

[Event "17PCR_ZK02"]
[Site "?"]
[Date "2007.??.??"]
[Round "?"]
[White "Trs, Jan"]
[Black "Vins, Karel"]
[Result "1-0"]
[WhiteElo "2255"]
[BlackElo "1732"]
[PlyCount "69"]
[EventDate "2007.??.??"]
[EventType "corr"]
[SourceDate "2007.06.28"]

1. d4 d5 2. c4 e6 3. Nc3 Nf6 4. Bg5 c6 5. Nf3 Be7 6. e3 h6 7. Bh4 Nbd7 8. Bd3
dxc4 9. Bxc4 Nd5 10. Bxe7 Qxe7 11. O-O O-O 12. Qd3 N7f6 13. e4 Nf4 14. Qe3 Ng6
15. Ne5 Nxe5 16. dxe5 Nh7 17. Rad1 Rd8 18. Rxd8+ Qxd8 19. f4 b5 20. Be2 Qb6 21.
Qf2 Qxf2+ 22. Kxf2 Nf8 23. Rd1 Bb7 24. Ke3 Rc8 25. Rd6 Rc7 26. h3 a6 27. g3 Nd7
28. Nb1 Kf8 29. Nd2 Ke7 30. Nb3 Nb8 31. Nc5 Ba8 32. Bh5 a5 33. Bxf7 Kxf7 34.
Rd8 Bb7 35. Rxb8 1-0

[Event "17PCR_ZK02"]
[Site "?"]
[Date "2007.??.??"]
[Round "?"]
[White "Lucan, Zdenko"]
[Black "Trs, Jan"]
[Result "0-1"]
[WhiteElo "1751"]
[BlackElo "2255"]
[PlyCount "48"]
[EventDate "2007.??.??"]
[EventType "corr"]
[SourceDate "2007.06.28"]

1. b3 e5 2. Bb2 Nc6 3. e3 d6 4. Bb5 Nf6 5. Bxc6+ bxc6 6. d3 Be7 7. Nf3 O-O 8.
O-O Qd7 9. Nbd2 Qg4 10. h3 Qg6 11. Nh4 Qh6 12. Nhf3 Rb8 13. Ne4 Nxe4 14. dxe4
Qg6 15. Kh1 Qxe4 16. Qd3 Qxd3 17. cxd3 c5 18. e4 f5 19. exf5 Bxf5 20. Rad1 g5
21. g4 Bc8 22. Bc1 Rxf3 23. Kg2 Bb7 24. Bb2 Rbf8 0-1

[Event "17PCR_ZK02"]
[Site "?"]
[Date "2007.??.??"]
[Round "?"]
[White "Trs, Jan"]
[Black "Lucan, Zdenko"]
[Result "1-0"]
[WhiteElo "2255"]
[BlackElo "1751"]
[PlyCount "45"]
[EventDate "2007.??.??"]
[EventType "corr"]
[SourceDate "2007.06.28"]

1. e4 c6 2. d4 d5 3. Nc3 dxe4 4. Nxe4 Bf5 5. Ng3 Bd7 6. Nf3 Bg4 7. c3 e6 8. Qb3
Qc8 9. Ne5 Nf6 10. Bg5 Bf5 11. Nxf5 Nbd7 12. Nxd7 Nxd7 13. O-O-O h6 14. Bf4 Nf6
15. Bd3 exf5 16. Rhe1+ Be7 17. Rxe7+ Kxe7 18. Bxf5 Qxf5 19. Qxb7+ Nd7 20. Re1+
Kf6 21. Qxc6+ Qe6 22. Rxe6+ fxe6 23. Qxd7 1-0

[Event "17PCR_ZK02"]
[Site "?"]
[Date "2007.??.??"]
[Round "?"]
[White "Svoboda, Josef"]
[Black "Trs, Jan"]
[Result "0-1"]
[WhiteElo "1847"]
[BlackElo "2255"]
[PlyCount "50"]
[EventDate "2007.??.??"]
[EventType "corr"]
[SourceDate "2007.06.28"]

1. e4 c5 2. Nf3 d6 3. d4 cxd4 4. Nxd4 Nf6 5. Nc3 e6 6. Bg5 Be7 7. Bb5+ Nbd7 8.
O-O a6 9. Ba4 O-O 10. f4 b5 11. Bb3 Bb7 12. a4 b4 13. Nce2 Nxe4 14. Bxe7 Qxe7
15. a5 Nec5 16. Bc4 Rfc8 17. g3 Rab8 18. Qe1 Qf6 19. h4 Qh6 20. Nc1 Ne4 21. Bd3
Ndc5 22. Bc4 Nxg3 23. Qxg3 Ne4 24. Qh3 Rxc4 25. Nce2 Rbc8 0-1

[Event "17PCR_ZK02"]
[Site "?"]
[Date "2007.??.??"]
[Round "?"]
[White "Trs, Jan"]
[Black "Svoboda, Josef"]
[Result "1-0"]
[WhiteElo "2255"]
[BlackElo "1847"]
[PlyCount "47"]
[EventDate "2007.??.??"]
[EventType "corr"]
[SourceDate "2007.06.28"]

1. c4 Nf6 2. d4 e6 3. Nc3 Bb4 4. Qc2 O-O 5. a3 Bxc3+ 6. Qxc3 d5 7. Nf3 Ne4 8.
Qc2 Nd7 9. e3 c5 10. Bd3 Qa5+ 11. b4 cxb4 12. O-O Ndf6 13. Ne5 h6 14. f3 Nd6
15. c5 Nf5 16. Qd2 Nd7 17. Ng4 h5 18. Nf2 Ne7 19. Bb2 g6 20. axb4 Qd8 21. e4
dxe4 22. fxe4 b6 23. Qh6 bxc5 24. Bc4 1-0

[Event "17PCR_ZK02"]
[Site "?"]
[Date "2007.??.??"]
[Round "1"]
[White "Goc, Pavel"]
[Black "Trs, Jan"]
[Result "0-1"]
[WhiteElo "2145"]
[BlackElo "2255"]
[PlyCount "100"]
[EventDate "2007.??.??"]
[EventType "corr"]
[SourceDate "2007.06.28"]

1. e4 c6 2. d4 d5 3. Nc3 dxe4 4. Nxe4 Nd7 5. Nf3 Ngf6 6. Ng3 e6 7. Bd3 c5 8.
O-O Be7 9. Qe2 O-O 10. c3 b6 11. Rd1 Qc7 12. Ne5 Bb7 13. Nxd7 Qxd7 14. dxc5 Qc6
15. f3 Qxc5+ 16. Be3 Qc7 17. Bd4 Rfd8 18. Be5 Bd6 19. Bxd6 Rxd6 20. Ne4 Nxe4
21. Bxe4 Bxe4 22. Qxe4 Rad8 23. Qe2 Qc5+ 24. Kf1 h5 25. Rxd6 Qxd6 26. g3 h4 27.
Kg2 Qd2 28. Re1 h3+ 29. Kf2 Qd5 30. b3 Qc5+ 31. Qe3 Qd6 32. Qe5 Qd2+ 33. Re2
Qc1 34. g4 Qh6 35. c4 Rd1 36. Qh5 Qc1 37. Qxh3 Rh1 38. Qg2 g5 39. a4 Qa1 40.
Re4 Rd1 41. h3 Qa3 42. Kg3 Qd6+ 43. Kf2 Qc5+ 44. Ke2 Rb1 45. Qg3 Qa3 46. Rd4
Qc1 47. Rd8+ Kh7 48. Rd2 Qf1+ 49. Ke3 Rxb3+ 50. Kd4 Qa1+ {Odhad 1. -+ (-#9):
51.Ke4 Qc3 52.Qf2 Qxc4+ 53.Rd4 Qc6+ 54.Ke5 Kg7 55.Rd6 Qc4 2. -+ (-#3): 51. Rb2
Qxb2+ 52.Ke4 Qe2+ 53.Kd4 Rd3#} 0-1

[Event "17PCR_ZK02"]
[Site "?"]
[Date "2007.??.??"]
[Round "?"]
[White "Trs, Jan"]
[Black "Goc, Pavel"]
[Result "1-0"]
[WhiteElo "2255"]
[BlackElo "2145"]
[PlyCount "77"]
[EventDate "2007.??.??"]
[EventType "corr"]
[SourceDate "2007.06.28"]

1. c4 Nf6 2. d4 e6 3. Nc3 Bb4 4. Qc2 O-O 5. a3 Bxc3+ 6. Qxc3 Ne4 7. Qc2 f5 8.
Nh3 Nc6 9. e3 d6 10. Bd3 e5 11. d5 Ne7 12. O-O Nc5 13. b4 Nxd3 14. Qxd3 Ng6 15.
f4 Qh4 16. Bb2 Re8 17. c5 Bd7 18. c6 bxc6 19. dxc6 Be6 20. Ng5 exf4 21. Qd4 Qh6
22. exf4 Nf8 23. Rf3 Re7 24. Re1 Rae8 25. Rfe3 a6 26. h4 Qg6 27. h5 Qh6 28. Qd1
Rb8 29. g4 fxg4 30. Nxe6 Rxe6 31. Qb3 Qxh5 32. Rxe6 Nxe6 33. Qxe6+ Qf7 34. Qxg4
h5 35. Qg5 Rb5 36. Qd8+ Kh7 37. Qd7 Qg6+ 38. Kh1 Qg3 39. Re3 1-0

[Event "17PCR_ZK02"]
[Site "?"]
[Date "2007.??.??"]
[Round "?"]
[White "Kudr, Roman"]
[Black "Trs, Jan"]
[Result "1/2-1/2"]
[WhiteElo "2216"]
[BlackElo "2255"]
[PlyCount "35"]
[EventDate "2007.??.??"]
[EventType "corr"]
[SourceDate "2007.06.28"]

1. d4 Nf6 2. c4 g6 3. Nc3 Bg7 4. e4 d6 5. Nf3 O-O 6. Be2 e5 7. O-O Nc6 8. d5
Ne7 9. Ne1 Nd7 10. f3 f5 11. g4 f4 12. h4 h6 13. Rf2 Kh7 14. Nd3 a6 15. Bf1 Ng8
16. Rh2 Ngf6 17. a4 a5 18. Qc2 1/2-1/2

[Event "17PCR_ZK02"]
[Site "?"]
[Date "2007.??.??"]
[Round "?"]
[White "Trs, Jan"]
[Black "Kudr, Roman"]
[Result "1/2-1/2"]
[WhiteElo "2255"]
[BlackElo "2216"]
[PlyCount "36"]
[EventDate "2007.??.??"]
[EventType "corr"]
[SourceDate "2007.06.28"]

1. d4 Nf6 2. c4 g6 3. Nc3 d5 4. Bf4 Bg7 5. e3 c5 6. dxc5 Qa5 7. Rc1 dxc4 8.
Bxc4 O-O 9. Nf3 Qxc5 10. Bb3 Nc6 11. O-O Qh5 12. Bc4 Bg4 13. h3 Bxf3 14. Qxf3
Qxf3 15. gxf3 Rfd8 16. Rfd1 Rac8 17. Rxd8+ Rxd8 18. Kf1 Nh5 1/2-1/2